TV Drama Screenshots: British Musicians In Acting Roles - Statistics

General Stats
  • This quiz has been taken 45 times
  • The average score is 8 of 16
Answer Stats
Picture Hint Answer % Correct
Actor on the left Boy George
84%
David Bowie
78%
Chris Martin
73%
Actor pictured Morrissey
70%
Actress pictured Billie Piper
68%
Actor pictured Davy Jones
68%
Actor pictured Suggs
65%
Ian Dury
54%
Actor pictured Paul Nicholas
49%
Actor on the right Elvis Costello
32%
Ray Davies
32%
Actor on the right Bill Wyman
27%
Actor, far right Mike Berry
27%
Actor second from the left Wilko Johnson
22%
Actress on the far left Barbara Dickson
14%
Actor on the far left Gary Holton
14%
No matching quizzes found
Score Distribution
Percent of People with Each Score
Percentile by Number Answered
Your Score History
You have not taken this quiz